| 000 | 01078nam a2200289 a 4500 | ||
|---|---|---|---|
| 001 | 000024858 | ||
| 005 | 20200930023419.0 | ||
| 008 | 100712s1984 mx 000 0 spa d | ||
| 020 | _a9686677089 | ||
| 040 |
_aDO-SdBNP _bspa _cBNPHU |
||
| 041 | 1 | 7 |
_aeng _hspa _2Código de idioma MARC |
| 082 |
_a330.973 _bS491n |
||
| 245 | 0 | 0 |
_aServicios : _bla nueva economía / _cThomas M. Stanback ... [et al.] ; editado por David Martínez Cabello, traducción Agustín Bárcena. |
| 260 |
_aMéxico, D. F. : _bPubligrafics, _c1984. |
||
| 300 |
_axvii, 156 p. ; _c25 cm. |
||
| 534 |
_aTítulo original : _tServices, the new economy. |
||
| 651 | 4 |
_aEstados Unidos _xCondiciones Económicas _916082 |
|
| 651 | 4 |
_aEstados Unidos _xPolítica Económica _916083 |
|
| 650 | 4 |
_aMercadotecnia _zEstados Unidos _951015 |
|
| 700 | 1 |
_aBearse, Peter J. _951016 |
|
| 700 | 1 |
_aNoyelle, Thierry J. _951017 |
|
| 700 | 1 |
_aKarasek, Robert A. _951018 |
|
| 700 | 1 |
_aStanback, Thomas M. _951019 |
|
| 700 | 1 |
_aMartínez Cabello, David, _eed. _951020 |
|
| 700 | 1 |
_aBárcena, Agustín _etr. _95521 |
|
| 049 | _aBNGR | ||
| 999 |
_c24351 _d24351 |
||